Amarkant ki kahaniyon ke pramukh chritron ka vishlesnatamak adhyayan (Record no. 10608)
[ view plain ]
| 000 -LEADER | |
|---|---|
| fixed length control field | 00534nam a2200193Ia 4500 |
| 082 ## - DEWEY DECIMAL CLASSIFICATION NUMBER | |
| Classification number | TS.0980 |
| 100 ## - MAIN ENTRY--AUTHOR NAME | |
| Personal name | Sharma, Abha |
| 245 #0 - TITLE STATEMENT | |
| Title | Amarkant ki kahaniyon ke pramukh chritron ka vishlesnatamak adhyayan |
| 250 ## - EDITION STATEMENT | |
| Edition statement | Jamia Millia Islamia |
| 260 ## - PUBLICATION, DISTRIBUTION, ETC. (IMPRINT) | |
| Place of publication | New Delhi |
| Name of publisher | Jamia Millia Islamia |
| Year of publication | 2002 |
| 300 ## - PHYSICAL DESCRIPTION | |
| Number of Pages | 252 |
| 504 ## - BIBLIOGRAPHY, ETC. NOTE | |
| Bibliography, etc | includes bibliography |
| 650 ## - SUBJECT ADDED ENTRY--TOPICAL TERM | |
| Topical Term | Hindi literature |
| Form subdivision | History and criticism |
| 650 ## - SUBJECT ADDED ENTRY--TOPICAL TERM | |
| Topical Term | Amarkant |
| 650 ## - SUBJECT ADDED ENTRY--TOPICAL TERM | |
| Topical Term | Stories |
| 650 ## - SUBJECT ADDED ENTRY--TOPICAL TERM | |
| Topical Term | Hindi fiction |
| 710 ## - ADDED ENTRY--CORPORATE NAME | |
| Corporate name or jurisdiction name as entry element | Chakrdhar, Ashok |
| 942 ## - ADDED ENTRY ELEMENTS (KOHA) | |
| Koha item type | Thesis |
| Source of classification or shelving scheme | Dewey Decimal Classification |
| Withdrawn status | Lost status | Damaged status | Not for loan | Home library | Current library | Date acquired | Bill Date | Full call number | Accession Number | Price effective from | Koha item type |
|---|---|---|---|---|---|---|---|---|---|---|---|
| NASSDOC Library | NASSDOC Library | 31/12/1899 | 2006-03-06 | TS.0980 | 43782 | 18/04/2019 | Thesis |
